Alle Bachelors in Deutschland - Statistiken

Allgemein
  • Dieses Quiz wurde 32 mal gespielt
  • Das Durchschnittsergebnis liegt bei 6 aus 13
Antwortstatistiken
Jahr Name % Korrekt
2012 Paul Janke
90%
2017 Sebastian Pannek
66%
2018 Daniel Völz
55%
2019 Andrej Mangold
52%
2024 Dennis Gries & Sebastian Klaus
52%
2020 Sebastian Preuss
45%
2014 Christian Tews
41%
2021 Niko Griesert
34%
2015 Oliver Sanne
34%
2023 David Jackson
31%
2022 Dominik Stuckmann
28%
2013 Jan Kralitschka
24%
2016 Leonard Freier
17%
Keine übereinstimmenden Quizze gefunden
Verteilung der Resultate
Anzahl Personen mit jedem Resultat
Perzentil nach korrekt beantworteten Fragen
Ihre Resultats-Entwicklung
Sie haben dieses Quiz noch nicht gespielt